[Event "HUN-chT2 Asztalos 1213"]
[Site "Hungary"]
[Date "2013.04.21"]
[Round "9.10"]
[White "Werner, Anna"]
[Black "Lenart, Endre"]
[Result "0-1"]
[WhiteElo "1850"]
[BlackElo "2075"]
[PlyCount "100"]
[EventDate "2012.09.16"]
[EventType "team-tourn"]
[EventRounds "9"]
[EventCountry "HUN"]
[SourceTitle "EXT 2014"]
[Source "ChessBase"]
[SourceDate "2013.11.20"]
[SourceVersion "1"]
[SourceVersionDate "2013.11.20"]
[SourceQuality "1"]
[WhiteTeam "Decs II"]
[BlackTeam "Komlo"]
[WhiteTeamCountry "HUN"]
[BlackTeamCountry "HUN"]

1. d4 Nf6 2. c4 g6 3. Nc3 Bg7 4. e4 d6 5. Be2 c6 6. Be3 Qc7 7. Rc1 Nbd7 8. Nf3 0-0 9. Nd2 e5 10. d5 h6 11. 0-0 a6 12. b4 Rd8 13. Nb3 c5 14. bxc5 Nxc5 15. Nxc5 dxc5 16. Qd2 Kh7 17. f3 b6 18. Rb1 Ne8 19. Rb2 Rd6 20. f4 Rf6 21. Rb3 Bd7 22. Kh1 Nd6 23. Bd3 Re8 24. Rf2 b5 25. cxb5 c4 26. b6 Qb8 27. Ra3 cxd3 28. Qxd3 Nb5 29. Rxa6 Nxc3 30. Qxc3 exf4 31. Bd4 Rxb6 32. Rxb6 Qxb6 33. Bxb6 Bxc3 34. Rxf4 f5 35. Kg1 Rb8 36. Bc5 Rb5 37. Be3 Rb1+ 38. Rf1 Rxf1+ 39. Kxf1 fxe4 40. Kf2 Kg7 41. Bc5 Kf6 42. Bd6 Bd4+ 43. Ke1 Bb5 44. Bb4 Bc4 45. a4 Bxd5 46. a5 e3 47. g3 Bc4 48. Kd1 Ke5 49. Ke1 Ke4 50. Kd1 Kf3 0-1

[Event "HUN-chT2 Asztalos 0910"]
[Site "Hungary"]
[Date "2010.05.02"]
[Round "11"]
[White "Lenart, Endre"]
[Black "Varadi, Benedek"]
[Result "1-0"]
[WhiteElo "2052"]
[BlackElo "1729"]
[PlyCount "141"]
[EventDate "2009.11.08"]
[EventType "team-tourn"]
[EventRounds "11"]
[EventCountry "HUN"]
[SourceTitle "EXT 2011"]
[Source "ChessBase"]
[SourceDate "2010.11.26"]
[SourceVersion "1"]
[SourceVersionDate "2010.11.26"]
[SourceQuality "1"]
[WhiteTeam "Komlo"]
[BlackTeam "Dunaujvaros"]
[WhiteTeamCountry "HUN"]
[BlackTeamCountry "HUN"]

1. e4 c5 2. f4 e6 3. Nf3 Nc6 4. Bb5 g6 5. c3 Bg7 6. 0-0 Qb6 7. a4 Nge7 8. d3 a6 9. Bc4 0-0 10. Qe2 d5 11. Ba2 Rd8 12. Be3 d4 13. Bf2 Qc7 14. Bg3 Qd7 15. Rd1 b6 16. Qc2 Bb7 17. Na3 Nc8 18. Qb3 Na5 19. Qc2 Bc6 20. b3 dxc3 21. Ne5 Bxe5 22. fxe5 Qd4+ 23. Kh1 h6 24. Qe2 Qd7 25. Nc2 Kh7 26. Ne3 Ne7 27. Ng4 Ng8 28. Bh4 g5 29. Be1 c2 30. Qxc2 Nb7 31. Qe2 b5 32. axb5 Bxb5 33. Bb1 Qd4 34. Ra2 c4 35. bxc4 Bxc4 36. Rb2 Bb5 37. Rb4 Qc5 38. Qf3 Qe7 39. Rb2 Rd7 40. Bb4 Qd8 41. Rf2 a5 42. Ba3 Ba4 43. Rdf1 Bb5 44. Qh3 Bxd3 45. Rxf7+ Rxf7 46. Rxf7+ Kg6 47. Rxb7 Qc8 48. Rb3 Bc2 49. Rc3 Qa6 50. Rf3 Bxb1 51. Nxh6 Bxe4 52. Nxg8 Bxf3 53. Qh6+ Kf5 54. Qf6+ Ke4 55. Qxf3+ Kd4 56. Bb2+ Kc5 57. Nf6 Rd8 58. Ne4+ Kb6 59. Qf2+ Kc7 60. Qf7+ Kb8 61. Nd6 Qb6 62. Bd4 Qa6 63. h3 a4 64. Qe7 Rh8 65. Qxe6 a3 66. Qb3+ Ka8 67. Nb5 Qc6 68. Qxa3+ Kb8 69. Qa7+ Kc8 70. Nd6+ Kd8 71. Bb6+ 1-0

[Event "Harkany Tenkes Cup 33rd"]
[Site "Harkany"]
[Date "2009.12.01"]
[Round "6"]
[White "Lenart, Endre"]
[Black "Juhasz, Kristof"]
[Result "0-1"]
[WhiteElo "2036"]
[BlackElo "2232"]
[PlyCount "82"]
[EventDate "2009.11.26"]
[EventType "swiss"]
[EventRounds "9"]
[EventCountry "HUN"]
[SourceTitle "EXT 2011"]
[Source "ChessBase"]
[SourceDate "2010.11.26"]
[SourceVersion "1"]
[SourceVersionDate "2010.11.26"]
[SourceQuality "1"]

1. e4 d6 2. d4 Nf6 3. Nc3 e5 4. dxe5 dxe5 5. Qxd8+ Kxd8 6. Bg5 Be6 7. 0-0-0+ Kc8 8. h3 Bc5 9. f3 c6 10. Nge2 Nbd7 11. Kb1 b5 12. Nc1 h6 13. Bd2 Kc7 14. Nd3 Bd6 15. g3 a5 16. f4 b4 17. f5 bxc3 18. fxe6 cxd2 19. exd7 Nxe4 20. g4 Ng3 21. Bg2 Nxh1 22. Bxh1 Kxd7 23. Rxd2 Kc7 24. c4 Rad8 25. Kc2 f6 26. b3 Be7 27. Be4 h5 28. Rf2 hxg4 29. hxg4 Rd4 30. Bf5 g6 31. Be6 Kd6 32. Bf7 Rxg4 33. Rd2 Kc7 34. Nb2 Rg3 35. Be6 Rd8 36. Rh2 Kd6 37. Bf7 e4 38. Na4 Ke5 39. Nc3 Bb4 40. Nb1 f5 41. Rh6 Kf6 0-1

[Event "Harkany Tenkes Cup 33rd"]
[Site "Harkany"]
[Date "2009.11.28"]
[Round "3"]
[White "Tatar Kis, Szabolcs"]
[Black "Lenart, Endre"]
[Result "0-1"]
[WhiteElo "2395"]
[BlackElo "2036"]
[PlyCount "74"]
[EventDate "2009.11.26"]
[EventType "swiss"]
[EventRounds "9"]
[EventCountry "HUN"]
[SourceTitle "EXT 2011"]
[Source "ChessBase"]
[SourceDate "2010.11.26"]
[SourceVersion "1"]
[SourceVersionDate "2010.11.26"]
[SourceQuality "1"]

1. e4 g6 2. d4 Bg7 3. Nc3 b6 4. Nf3 Bb7 5. Bd3 e6 6. Bg5 f6 7. Be3 Ne7 8. h4 d5 9. exd5 Nxd5 10. Nxd5 Qxd5 11. Qe2 Nd7 12. h5 0-0-0 13. Bc4 Qe4 14. 0-0-0 g5 15. Rh2 Rhe8 16. h6 Bh8 17. Bd3 Qd5 18. Kb1 g4 19. Nd2 f5 20. Nb3 Qd6 21. f4 a5 22. Ba6 Nf6 23. Nd2 Nd5 24. Bxb7+ Kxb7 25. Nc4 Qc6 26. Bc1 Nf6 27. g3 Ne4 28. Ne5 Bxe5 29. fxe5 Nxg3 30. Qd3 Ne4 31. c4 g3 32. Re2 Nf2 33. d5 exd5 34. cxd5 Qg6 35. Rxf2 gxf2 36. Bf4 Qg4 37. Qd2 Qf3 0-1

[Event "Harkany Tenkes Cup 33rd"]
[Site "Harkany"]
[Date "2009.11.27"]
[Round "2"]
[White "Lenart, Endre"]
[Black "Bokros, Albert"]
[Result "0-1"]
[WhiteElo "2036"]
[BlackElo "2487"]
[PlyCount "44"]
[EventDate "2009.11.26"]
[EventType "swiss"]
[EventRounds "9"]
[EventCountry "HUN"]
[SourceTitle "EXT 2011"]
[Source "ChessBase"]
[SourceDate "2010.11.26"]
[SourceVersion "1"]
[SourceVersionDate "2010.11.26"]
[SourceQuality "1"]

1. e4 c5 2. Nf3 e6 3. Qe2 Nc6 4. c3 d5 5. exd5 Qxd5 6. g3 g6 7. Bg2 Bg7 8. 0-0 Qd8 9. d3 Nge7 10. a4 b6 11. Na3 0-0 12. Bg5 h6 13. Bd2 Bb7 14. Rad1 Qd7 15. Nc4 Rad8 16. Nfe5 Qc8 17. Ng4 Kh7 18. Bf4 Nf5 19. Nge3 Nxe3 20. Qxe3 e5 21. Bxe5 Nxe5 22. Bxb7 Nxc4 0-1

[Event "Harkany Tenkes Cup 33rd"]
[Site "Harkany"]
[Date "2009.11.26"]
[Round "1"]
[White "Vajda, Szidonia"]
[Black "Lenart, Endre"]
[Result "1/2-1/2"]
[WhiteElo "2382"]
[BlackElo "2036"]
[PlyCount "102"]
[EventDate "2009.11.26"]
[EventType "swiss"]
[EventRounds "9"]
[EventCountry "HUN"]
[SourceTitle "EXT 2011"]
[Source "ChessBase"]
[SourceDate "2010.11.26"]
[SourceVersion "1"]
[SourceVersionDate "2010.11.26"]
[SourceQuality "1"]

1. e4 c6 2. d4 d5 3. exd5 cxd5 4. c4 Nf6 5. Nc3 g6 6. cxd5 Bg7 7. Qb3 0-0 8. Be2 Nbd7 9. Bf3 Nb6 10. a4 a5 11. Nge2 Bf5 12. Bg5 Bd3 13. d6 Qxd6 14. Bxb7 Bc4 15. Qc2 Ra7 16. Bf3 Qb4 17. 0-0 Bb3 18. Qd2 Nc4 19. Qf4 Rd7 20. Bxf6 exf6 21. Nd5 Qd6 22. Qxd6 Rxd6 23. Rfc1 Re8 24. Nc7 Red8 25. Rc3 Nd2 26. Nc1 Bc4 27. b3 Nxf3+ 28. gxf3 Be6 29. Nb5 Rd5 30. Ne2 Rg5+ 31. Ng3 Bd7 32. Rc5 Bxb5 33. axb5 Rxd4 34. Rc8+ Bf8 35. Rxa5 Kg7 36. Ra7 Bc5 37. Rac7 Bb6 38. Rb7 Rxb5 39. Rcc7 Bxc7 40. Rxb5 f5 41. Kg2 Bd6 42. Ne2 Rd2 43. Nc3 Rc2 44. Na4 h5 45. h3 Bf4 46. Kf1 Bg5 47. Re5 Rd2 48. Nc5 Rb2 49. Re2 Rb1+ 50. Re1 Rb2 51. Re2 Rb1+ 1/2-1/2

[Event "HUN-chT2 Asztalos 0910"]
[Site "Hungary"]
[Date "2009.11.08"]
[Round "1"]
[White "Weisz, Tamas"]
[Black "Lenart, Endre"]
[Result "1/2-1/2"]
[WhiteElo "1972"]
[BlackElo "2052"]
[PlyCount "75"]
[EventDate "2009.11.08"]
[EventType "team-tourn"]
[EventRounds "11"]
[EventCountry "HUN"]
[SourceTitle "EXT 2011"]
[Source "ChessBase"]
[SourceDate "2010.11.26"]
[SourceVersion "1"]
[SourceVersionDate "2010.11.26"]
[SourceQuality "1"]
[WhiteTeam "Szenna Pack"]
[BlackTeam "Komlo"]
[WhiteTeamCountry "HUN"]
[BlackTeamCountry "HUN"]

1. d4 Nf6 2. c4 d6 3. Nc3 g6 4. e4 Bg7 5. f4 0-0 6. Nf3 Bg4 7. Be2 Nh5 8. 0-0 Qc8 9. Be3 c5 10. d5 Na6 11. a3 Nc7 12. Qe1 Bh6 13. Qh4 Bxf4 14. Bxf4 Nxf4 15. Ng5 Nxe2+ 16. Nxe2 h5 17. Nf4 e5 18. dxe6 Nxe6 19. Nd5 Qd8 20. Nf6+ Kg7 21. h3 Be2 22. Rf2 Bxc4 23. g4 Nxg5 24. Qxg5 h4 25. Rd1 Be6 26. Qxh4 Rh8 27. Qg3 Qe7 28. Qc3 Kf8 29. Nh5 Rh7 30. Nf6 Rh8 31. Nd7+ Kg8 32. Nf6+ Kf8 33. Nh5 Rh7 34. Nf6 Rh8 35. Nh5 Rh7 36. Nf6 Rh8 37. Rdf1 Rd8 38. Nh5 1/2-1/2

[Event "HUN-chT2 Asztalos 0708"]
[Site "Hungary"]
[Date "2008.03.30"]
[Round "9"]
[White "Kiss, Zoltan"]
[Black "Lenart, Endre"]
[Result "0-1"]
[WhiteElo "2214"]
[BlackElo "2088"]
[PlyCount "90"]
[EventDate "2007.10.14"]
[EventType "team"]
[EventRounds "11"]
[EventCountry "HUN"]
[SourceTitle "EXT 2009"]
[Source "ChessBase"]
[SourceDate "2008.11.26"]
[SourceVersion "1"]
[SourceVersionDate "2008.11.26"]
[SourceQuality "1"]
[WhiteTeam "Szenna Pack II"]
[BlackTeam "Komlo Banyasz"]
[WhiteTeamCountry "HUN"]
[BlackTeamCountry "HUN"]

1. d4 Nf6 2. Nf3 d6 3. Nbd2 Bf5 4. c3 Nc6 5. d5 Ne5 6. e4 Bg4 7. h3 Bd7 8. Nxe5 dxe5 9. Bd3 e6 10. c4 c6 11. Qb3 Qc7 12. 0-0 Bc5 13. Re1 0-0 14. Nf3 h6 15. Be3 b6 16. Bxc5 bxc5 17. Rad1 Rfe8 18. Bb1 exd5 19. cxd5 cxd5 20. exd5 e4 21. Nh2 Qe5 22. Qc3 Rab8 23. Qxe5 Rxe5 24. b3 Rxd5 25. Rxd5 Nxd5 26. Rc1 f5 27. Rxc5 Nf4 28. Nf1 Ne2+ 29. Kh2 Rc8 30. Rxc8+ Bxc8 31. Bc2 Be6 32. Ne3 Nd4 33. Bd1 Kf7 34. Kg1 Nb5 35. a4 Nc3 36. Bc2 Ne2+ 37. Kf1 Nd4 38. Bd1 f4 39. Nc4 Bxc4+ 40. bxc4 Ke7 41. Bh5 Kd6 42. Ke1 Kc5 43. Bf7 Kb4 44. g3 g5 45. gxf4 gxf4 0-1

[Event "HUN-chT2 Asztalos 0708"]
[Site "Hungary"]
[Date "2008.03.02"]
[Round "7"]
[White "Straubinger, Daniel"]
[Black "Lenart, Endre"]
[Result "1-0"]
[WhiteElo "2019"]
[BlackElo "2088"]
[PlyCount "77"]
[EventDate "2007.10.14"]
[EventType "team"]
[EventRounds "11"]
[EventCountry "HUN"]
[SourceTitle "EXT 2009"]
[Source "ChessBase"]
[SourceDate "2008.11.26"]
[SourceVersion "1"]
[SourceVersionDate "2008.11.26"]
[SourceQuality "1"]
[WhiteTeam "Szekszard"]
[BlackTeam "Komlo Banyasz"]
[WhiteTeamCountry "HUN"]
[BlackTeamCountry "HUN"]

1. e4 c6 2. c4 d5 3. exd5 cxd5 4. cxd5 Nf6 5. Qa4+ Nbd7 6. Nc3 g6 7. Nf3 Bg7 8. Bc4 0-0 9. 0-0 a6 10. Qa3 b5 11. Bxb5 Nb6 12. Bc6 Rb8 13. Qc5 Bb7 14. Bxb7 Rxb7 15. d6 exd6 16. Qa3 Qa8 17. d3 Nbd5 18. d4 Rc8 19. Nxd5 Nxd5 20. Qxd6 Nb4 21. Be3 Nc2 22. Rab1 Nxe3 23. fxe3 Bh6 24. Rfe1 Rc2 25. Qd5 Qc8 26. Ne5 Kg7 27. Ng4 Qxg4 28. Qxb7 Re2 29. Qf3 Bxe3+ 30. Kh1 Qxf3 31. gxf3 Rxe1+ 32. Rxe1 Bxd4 33. Re4 Bxb2 34. Ra4 h5 35. Rxa6 Kf8 36. a4 Ke8 37. Ra7 f6 38. a5 Kd8 39. a6 1-0

[Event "HUN-chT2 Asztalos 0708"]
[Site "Hungary"]
[Date "2007.12.16"]
[Round "5"]
[White "Baki, Peterne"]
[Black "Lenart, Endre"]
[Result "1-0"]
[WhiteElo "2114"]
[BlackElo "2088"]
[PlyCount "53"]
[EventDate "2007.10.14"]
[EventType "team"]
[EventRounds "11"]
[EventCountry "HUN"]
[SourceTitle "EXT 2009"]
[Source "ChessBase"]
[SourceDate "2008.11.26"]
[SourceVersion "1"]
[SourceVersionDate "2008.11.26"]
[SourceQuality "1"]
[WhiteTeam "Dombovar"]
[BlackTeam "Komlo Banyasz"]
[WhiteTeamCountry "HUN"]
[BlackTeamCountry "HUN"]

1. e4 Nf6 2. d3 d5 3. e5 Nfd7 4. d4 c5 5. c3 Nc6 6. f4 g6 7. Nf3 Bg7 8. Be2 Qb6 9. Na3 Nf8 10. dxc5 Qxc5 11. Nb5 Qb6 12. Qxd5 Be6 13. Be3 Bxd5 14. Bxb6 Bxf3 15. Bxf3 axb6 16. Nc7+ Kd8 17. Nxa8 Nd7 18. 0-0-0 Kc8 19. Rxd7 Kxd7 20. Nxb6+ Kc7 21. Nd5+ Kb8 22. Kc2 Rc8 23. Rd1 g5 24. Nb6 gxf4 25. Nxc8 Kxc8 26. Bxc6 bxc6 27. Re1 1-0

[Event "HUN-chT2 Asztalos 0708"]
[Site "Hungary"]
[Date "2007.11.25"]
[Round "3"]
[White "Berta, Tibor"]
[Black "Lenart, Endre"]
[Result "1-0"]
[WhiteElo "2125"]
[BlackElo "2088"]
[PlyCount "57"]
[EventDate "2007.10.14"]
[EventType "team"]
[EventRounds "11"]
[EventCountry "HUN"]
[SourceTitle "EXT 2009"]
[Source "ChessBase"]
[SourceDate "2008.11.26"]
[SourceVersion "1"]
[SourceVersionDate "2008.11.26"]
[SourceQuality "1"]
[WhiteTeam "Paks ASE"]
[BlackTeam "Komlo Banyasz"]
[WhiteTeamCountry "HUN"]
[BlackTeamCountry "HUN"]

1. d4 Nf6 2. Nf3 d6 3. e3 Bg4 4. Be2 g6 5. 0-0 Bg7 6. h3 Bf5 7. Bd3 Qc8 8. Re1 Nc6 9. e4 Bxh3 10. gxh3 Qxh3 11. c3 e5 12. d5 Ne7 13. Nbd2 Ng4 14. Nf1 f5 15. Ng5 Qh4 16. Qf3 0-0 17. Qg3 Qxg3+ 18. fxg3 Nf2 19. Bc2 fxe4 20. Nxe4 Ng4 21. c4 h6 22. Ne3 Nxe3 23. Bxe3 a6 24. Kg2 b5 25. cxb5 axb5 26. Bb3 Kh7 27. Rac1 c5 28. dxc6 d5 29. Bc5 1-0

[Event "HUN-chT2 Asztalos 0607"]
[Site "Hungary"]
[Date "2006.11.19"]
[Round "2"]
[White "Lenart, Endre"]
[Black "Percze, Janos"]
[Result "1/2-1/2"]
[WhiteElo "2119"]
[BlackElo "2225"]
[PlyCount "78"]
[EventDate "2006.11.12"]
[EventType "team"]
[EventRounds "11"]
[EventCountry "HUN"]
[SourceTitle "EXT 2008"]
[Source "ChessBase"]
[SourceDate "2007.11.25"]
[SourceVersion "1"]
[SourceVersionDate "2007.11.25"]
[SourceQuality "1"]
[WhiteTeam "Komlo Banyasz"]
[BlackTeam "Nagyatad"]
[WhiteTeamCountry "HUN"]
[BlackTeamCountry "HUN"]

1. Nf3 c5 2. b4 cxb4 3. a3 e6 4. Bb2 Nf6 5. g3 Nc6 6. Bg2 d5 7. 0-0 Be7 8. d3 0-0 9. Qc1 Qc7 10. axb4 Nxb4 11. c4 Nc6 12. Na3 dxc4 13. Nxc4 Bd7 14. Nce5 Rfc8 15. Qf4 Bd6 16. Rfc1 Be8 17. Qg5 h6 18. Qd2 Qe7 19. Nc4 Bb4 20. Qd1 Nd5 21. e4 Nf6 22. Qe2 b5 23. Ne3 Rc7 24. Nc2 Bc5 25. d4 Bb6 26. Na3 Na5 27. Nxb5 Rxc1+ 28. Rxc1 Qb4 29. Nc7 Bxc7 30. Rxc7 Bb5 31. Qc2 Ba4 32. Qc3 Rb8 33. Rc8+ Kh7 34. Rxb8 Qxb8 35. Qxa5 Qxb2 36. Qxa4 Nxe4 37. Qd1 Qxf2+ 38. Kh1 Qe3 39. Qb1 f5 1/2-1/2

[Event "HUN-chT2 Asztalos 0506"]
[Site "Hungary"]
[Date "2005.12.04"]
[Round "5"]
[White "Horvath, Miklos"]
[Black "Lenart, Endre"]
[Result "0-1"]
[WhiteElo "2275"]
[BlackElo "2145"]
[PlyCount "56"]
[EventDate "2005.10.16"]
[EventType "team"]
[EventRounds "11"]
[EventCountry "HUN"]
[SourceTitle "EXT 2009"]
[Source "ChessBase"]
[SourceDate "2008.11.26"]
[SourceVersion "1"]
[SourceVersionDate "2008.11.26"]
[SourceQuality "1"]
[WhiteTeam "Fehervar"]
[BlackTeam "Komlo Banyasz"]
[WhiteTeamCountry "HUN"]
[BlackTeamCountry "HUN"]

1. e4 d6 2. d4 Nf6 3. Nc3 g6 4. f4 Bg7 5. e5 Nfd7 6. Nf3 c5 7. exd6 cxd4 8. Nxd4 0-0 9. Nf3 Nc6 10. Be2 exd6 11. 0-0 Nb6 12. Be3 d5 13. Nd4 Re8 14. Nxc6 bxc6 15. Bd4 Bf8 16. Bf3 Nc4 17. Qc1 Rb8 18. Rb1 c5 19. Bf2 d4 20. Ne4 f5 21. Nd2 Ne3 22. Re1 Be6 23. c4 Ng4 24. h3 Nxf2 25. Kxf2 Bf7 26. Rxe8 Qxe8 27. Qc2 Qe3+ 28. Kf1 Qxf4 0-1

[Event "HUN-chT2 Asztalos 0506"]
[Site "Hungary"]
[Date "2005.11.13"]
[Round "3"]
[White "Ragats, Jozsef"]
[Black "Lenart, Endre"]
[Result "1/2-1/2"]
[WhiteElo "2161"]
[BlackElo "2145"]
[PlyCount "23"]
[EventDate "2005.10.16"]
[EventType "team"]
[EventRounds "11"]
[EventCountry "HUN"]
[SourceTitle "EXT 2009"]
[Source "ChessBase"]
[SourceDate "2008.11.26"]
[SourceVersion "1"]
[SourceVersionDate "2008.11.26"]
[SourceQuality "1"]
[WhiteTeam "Aquaprofit"]
[BlackTeam "Komlo Banyasz"]
[WhiteTeamCountry "HUN"]
[BlackTeamCountry "HUN"]

1. d4 Nf6 2. Nf3 d6 3. g3 Bg4 4. Bg2 Qc8 5. h3 Bf5 6. Nbd2 g6 7. Nh4 Bd7 8. e4 Nc6 9. c3 Bg7 10. Qe2 0-0 11. d5 Nd8 12. Nb3 1/2-1/2

[Event "HUN-chT2 Asztalos 0506"]
[Site "Hungary"]
[Date "2005.10.16"]
[Round "1"]
[White "Akots, Gabor"]
[Black "Lenart, Endre"]
[Result "1-0"]
[WhiteElo "2121"]
[BlackElo "2145"]
[PlyCount "45"]
[EventDate "2005.10.16"]
[EventType "team"]
[EventRounds "11"]
[EventCountry "HUN"]
[SourceTitle "EXT 2009"]
[Source "ChessBase"]
[SourceDate "2008.11.26"]
[SourceVersion "1"]
[SourceVersionDate "2008.11.26"]
[SourceQuality "1"]
[WhiteTeam "MAV Elore"]
[BlackTeam "Komlo Banyasz"]
[WhiteTeamCountry "HUN"]
[BlackTeamCountry "HUN"]

1. e4 d5 2. exd5 Nf6 3. d4 g6 4. Nf3 Bg7 5. c4 Bg4 6. Be2 c6 7. dxc6 Nxc6 8. Be3 Qa5+ 9. Qd2 Qh5 10. Nc3 0-0-0 11. h3 e5 12. d5 e4 13. Ng5 Ne5 14. Ncxe4 Bxe2 15. Qxe2 Qxe2+ 16. Kxe2 Nxe4 17. Nxe4 Rhe8 18. Nd2 f5 19. Rhd1 f4 20. Bxf4 Nxc4+ 21. Kf1 Bxb2 22. Nxc4 Bxa1 23. Nb6+ 1-0

[Event "Sikonda"]
[Site "Sikonda"]
[Date "2005.03.29"]
[Round "9"]
[White "Lenart, Endre"]
[Black "Ivan, Zoltan"]
[Result "0-1"]
[WhiteElo "2189"]
[BlackElo "2219"]
[PlyCount "107"]
[EventDate "2005.03.21"]
[EventType "tourn"]
[EventRounds "9"]
[EventCountry "HUN"]
[EventCategory "2"]
[SourceTitle "EXT 2008"]
[Source "ChessBase"]
[SourceDate "2007.11.25"]
[SourceVersion "1"]
[SourceVersionDate "2007.11.25"]
[SourceQuality "1"]

1. Nf3 d5 2. g3 c5 3. Bg2 Nc6 4. d3 Nf6 5. Bg5 Qb6 6. Qc1 h6 7. Bxf6 gxf6 8. 0-0 f5 9. Nc3 e6 10. e4 d4 11. Na4 Qa5 12. b3 fxe4 13. dxe4 Bg7 14. Nb2 Bd7 15. Nc4 Qc7 16. e5 0-0 17. a4 Ne7 18. Nh4 Bc6 19. Qf4 Bxg2 20. Kxg2 Ng6 21. Nxg6 fxg6 22. Qe4 Qc6 23. Qxc6 bxc6 24. h4 Rfd8 25. Rad1 Rab8 26. f4 d3 27. Na5 dxc2 28. Rxd8+ Rxd8 29. Rc1 Rd2+ 30. Kf3 Bf8 31. Nxc6 c4 32. b4 h5 33. a5 a6 34. g4 Rd3+ 35. Kg2 hxg4 36. Rxc2 c3 37. Rc1 Bh6 38. b5 Bxf4 39. bxa6 Rd2+ 40. Kf1 c2 41. a7 Rd1+ 42. Ke2 Bxc1 43. a8Q+ Kg7 44. Qb7+ Kh6 45. Nb4 Rd2+ 46. Kf1 g3 47. Nxc2 Rxc2 48. Qe4 Ra2 49. Qe1 Bf4 50. Qe4 g5 51. a6 Rxa6 52. Kg2 Ra2+ 53. Kf3 Rf2+ 54. Kg4 0-1

[Event "Sikonda"]
[Site "Sikonda"]
[Date "2005.03.23"]
[Round "3"]
[White "Lenart, Endre"]
[Black "Cherepov, Alexej"]
[Result "0-1"]
[WhiteElo "2189"]
[BlackElo "2280"]
[PlyCount "76"]
[EventDate "2005.03.21"]
[EventType "tourn"]
[EventRounds "9"]
[EventCountry "HUN"]
[EventCategory "2"]
[SourceTitle "EXT 2008"]
[Source "ChessBase"]
[SourceDate "2007.11.25"]
[SourceVersion "1"]
[SourceVersionDate "2007.11.25"]
[SourceQuality "1"]

1. Nf3 d5 2. g3 g6 3. Bg2 Bg7 4. d3 e5 5. Bg5 Ne7 6. Qc1 h6 7. Bd2 Nbc6 8. Nc3 d4 9. Nd1 Be6 10. c4 Qd7 11. h3 a5 12. b3 Kf8 13. a3 Kg8 14. b4 Kh7 15. b5 Nd8 16. a4 f5 17. Nxe5 Bxe5 18. Bxh6 Rb8 19. g4 Nf7 20. Bd2 b6 21. f4 Bd6 22. Bxa5 bxa5 23. c5 Nd5 24. cxd6 Qxd6 25. 0-0 fxg4 26. Be4 gxh3 27. f5 Bxf5 28. Rxf5 gxf5 29. Bxf5+ Kg7 30. Be4 Qg3+ 31. Kh1 Qe1+ 32. Kh2 Qxe2+ 33. Kh1 Qf1+ 34. Kh2 Nf6 35. Ra2 Ng4+ 36. Kg3 Qg1+ 37. Bg2 Qe1+ 38. Kxg4 Rh4+ 0-1

[Event "HUN-chT2 Asztalos 0304"]
[Site "Hungary"]
[Date "2004.04.04"]
[Round "10"]
[White "Lenart, Endre"]
[Black "Hoflinger, Istvan"]
[Result "1-0"]
[WhiteElo "2174"]
[BlackElo "2147"]
[PlyCount "131"]
[EventDate "2003.08.29"]
[EventType "team"]
[EventRounds "11"]
[EventCountry "HUN"]
[SourceTitle "EXT 2009"]
[Source "ChessBase"]
[SourceDate "2008.11.26"]
[SourceVersion "1"]
[SourceVersionDate "2008.11.26"]
[SourceQuality "1"]
[WhiteTeam "Komlo Banyasz"]
[BlackTeam "Kiraly Sakk"]
[WhiteTeamCountry "HUN"]
[BlackTeamCountry "HUN"]

1. Nf3 c5 2. g3 g6 3. Bg2 Bg7 4. 0-0 Nc6 5. Nc3 e6 6. d3 Nge7 7. Bg5 0-0 8. Qc1 d5 9. e4 Re8 10. Qf4 e5 11. Qh4 Be6 12. Rfe1 d4 13. Na4 Qd6 14. b3 b5 15. Nb2 Rac8 16. a4 a6 17. Bf6 h5 18. axb5 axb5 19. Ra6 Qd7 20. Bxg7 Kxg7 21. Ng5 Ra8 22. Rea1 Rxa6 23. Rxa6 Qb7 24. Nxe6+ fxe6 25. Ra1 Ra8 26. Rc1 Ra2 27. Nd1 Qa7 28. Qg5 Ra1 29. Bf3 Kf7 30. Kg2 Ra2 31. g4 hxg4 32. Bxg4 Qc7 33. h4 Ra8 34. f3 Qa5 35. Nf2 Qc3 36. h5 Ra2 37. h6 c4 38. bxc4 bxc4 39. h7 Ra8 40. Qh6 Rh8 41. Kg3 Nb4 42. Rb1 cxd3 43. cxd3 Nxd3 44. Bxe6+ Kxe6 45. Qg7 Rxh7 46. Rb6+ Kd7 47. Qxh7 Qe1 48. Qh2 Nf4 49. Kg4 d3 50. Rb7+ Kd6 51. Kg5 Qxf2 52. Qxf2 Nh3+ 53. Kh4 Nxf2 54. Rb2 Nxe4 55. fxe4 Kc5 56. Kg3 Kd4 57. Kf3 Nc6 58. Rb7 g5 59. Rd7+ Kc5 60. Ke3 Nb4 61. Rc7+ Kd6 62. Rg7 g4 63. Rxg4 Nc2+ 64. Kxd3 Nd4 65. Kc4 Nf3 66. Rg6+ 1-0

[Event "HUN-chT2 Asztalos 0304"]
[Site "Hungary"]
[Date "2004.03.21"]
[Round "9"]
[White "Kalanyos, Ferenc"]
[Black "Lenart, Endre"]
[Result "0-1"]
[WhiteElo "1992"]
[BlackElo "2174"]
[PlyCount "90"]
[EventDate "2003.08.29"]
[EventType "team"]
[EventRounds "11"]
[EventCountry "HUN"]
[SourceTitle "EXT 2009"]
[Source "ChessBase"]
[SourceDate "2008.11.26"]
[SourceVersion "1"]
[SourceVersionDate "2008.11.26"]
[SourceQuality "1"]
[WhiteTeam "Koppany"]
[BlackTeam "Komlo Banyasz"]
[WhiteTeamCountry "HUN"]
[BlackTeamCountry "HUN"]

1. d4 Nf6 2. Nf3 d6 3. c4 Bg4 4. e3 Nbd7 5. Be2 e5 6. Nc3 Be7 7. 0-0 0-0 8. Qc2 Re8 9. d5 a5 10. e4 Nc5 11. Be3 Nfd7 12. Nd2 Bxe2 13. Nxe2 Rf8 14. f4 exf4 15. Bxf4 Bg5 16. Rae1 Bxf4 17. Nxf4 Qg5 18. Nd3 Rae8 19. Nxc5 Nxc5 20. Nb3 Nxb3 21. Qxb3 b6 22. Qd3 Qg6 23. Re3 Re7 24. Rfe1 Rfe8 25. Qd4 Re5 26. Qd3 h5 27. Rg3 Rxe4 28. Rxg6 Rxe1+ 29. Kf2 fxg6 30. b3 Kh7 31. h4 Kh6 32. a4 R8e2+ 33. Kf3 g5 34. hxg5+ Kxg5 35. Qh7 Re7 36. Kf2 R1e3 37. Qb1 h4 38. Qc1 Kg4 39. Qd1+ Re2+ 40. Qxe2+ Rxe2+ 41. Kxe2 Kg3 42. Kf1 h3 43. Kg1 hxg2 44. c5 Kf3 45. cxb6 cxb6 0-1